Connais-tu ton club #1 (Sunderland) - Statistiques

Statistiques générales
  • Ce quiz a été pris 9 fois
    8 depuis la dernière actualisation
  • Le résultat moyen est 5 sur 10
Statistiques - réponses
Hint Réponse % Correct
Quel est le surnom de Sunderland ? Black Cats
88%
Comment s'appelle le stade ? Stadium of Light
88%
Quel est son rival ? Newcastle
88%
Quel est l'entraineur actuel ? Régis le Bris
75%
Quel trophée a le plus été remporté ? Premier League
50%
Quand le club est créé ? 1879
38%
Quel est le joueur le plus capé ? Montgomery
25%
Quel est le meilleur buteur de Sunderland ? Buchan
0%
Qui a fondé Sunderland ? James Allan
0%
Quel est l'entraîneur ayant le plus entraîné Sunderland ? Murray
0%
Aucun quiz correspondant
Distribution des résultats
% des personnes avec chaque résultat
Percentile par nombre de réponses
Votre historique - résultats
Vous n’avez pas pris ce quiz depuis la dernière actualisation